Hành trình về phương Đông = Journey to the East : Cuốn sách hay nhất mọi thời đại khám phá những giá trị vĩnh hằng
Sách kể về những trải nghiệm của một đoàn khoa học gồm các chuyên gia hàng đầu của Hội Khoa Học Hoàng Gia Anh được cử sang Ấn Độ nghiên cứu về huyền học và những khả năng siêu nhiên của con người....
Enregistré dans:
| Auteur principal: | |
|---|---|
| Autres auteurs: | |
| Format: | Livre |
| Langue: | Vietnamese |
| Publié: |
H.
Thế giới
2017
|
| Édition: | Tái bản |
| Sujets: | |
| Tags: |
Ajouter un tag
Pas de tags, Soyez le premier à ajouter un tag!
|
| Thư viện lưu trữ: | Thư viện Trường Đại học Nam Cần Thơ |
|---|
| LEADER | 01353nam a22002297a 4500 | ||
|---|---|---|---|
| 001 | NCT_64512 | ||
| 008 | 190514b xxu||||| |||| 00| 0 vie d | ||
| 999 | |c 3123 |d 3123 | ||
| 020 | |a 9786047736591 |c 78000 | ||
| 082 | 0 | 4 | |2 23rd ed. |a 133 |b S734 |
| 100 | 1 | |a Spalding, Baird T. | |
| 245 | 1 | 0 | |a Hành trình về phương Đông |b = Journey to the East : Cuốn sách hay nhất mọi thời đại khám phá những giá trị vĩnh hằng |c Baird T. Spalding ; Nguyên Phong |
| 250 | |a Tái bản | ||
| 260 | |a H. |b Thế giới |c 2017 | ||
| 300 | |a 254 tr. |c 21cm | ||
| 520 | 3 | |a Sách kể về những trải nghiệm của một đoàn khoa học gồm các chuyên gia hàng đầu của Hội Khoa Học Hoàng Gia Anh được cử sang Ấn Độ nghiên cứu về huyền học và những khả năng siêu nhiên của con người. | |
| 653 | |a Sách tham khảo | ||
| 700 | 1 | |a Nguyên Phong | |
| 942 | |2 ddc |c BK | ||
| 952 | |0 0 |1 0 |2 ddc |4 0 |6 133_000000000000000_S734 |7 0 |9 16872 |a 000001 |b 000001 |d 2019-05-14 |o 133 S734 |p TK.01435 |r 2019-05-14 |v 78000.00 |w 2019-05-14 |y BK | ||
| 952 | |0 0 |1 0 |2 ddc |4 0 |6 133_000000000000000_S734 |7 0 |9 16873 |a 000001 |b 000001 |d 2019-05-14 |o 133 S734 |p TK.01436 |r 2019-05-14 |v 78000.00 |w 2019-05-14 |y BK | ||
| 980 | |a Thư viện Trường Đại học Nam Cần Thơ | ||


